| 000 | 00726cam a2200253 4500 | ||
|---|---|---|---|
| 001 | ABS62665 | ||
| 008 | 000000n2000 000 0 eng u | ||
| 035 | _a(Sirsi) u107308 | ||
| 100 | _aOuttrim, B. | ||
| 245 | _aRe-writing history | ||
| 260 | _c2000 | ||
| 490 |
_aEstates Gazette _v(0027) 8 July 2000, 136(1) |
||
| 520 | _aLooks at the details of Ireland's proposed Valuation Bill 2000, as government aims to modernise its archaic rating system. | ||
| 590 | _aABS | ||
| 650 | _aREVALUATION | ||
| 650 | _aRATEABLE VALUES | ||
| 650 | _aRATING SYSTEM | ||
| 650 | _aIRELAND | ||
| 650 | _aASSESSMENTS | ||
| 650 | _aMODERNISATION | ||
| 690 | _aRATING AND LOCAL TAXATION | ||
| 700 | _aBlacker, J. | ||
| 942 | _n0 | ||
| 999 |
_c64158 _d64158 |
||